Australian States and Territories by Population Density - Statistics

General Stats
  • This quiz has been taken 19 times
  • The average score is 7 of 8
Answers on the Map
Answers color-coded by a green-red scale on the quiz's map according to % correct below.
 
Answer Stats
per km² State or Territory % Correct
10.59 New South Wales
93%
200.9 Australian Capital Territory
87%
3.227 Queensland
87%
0.1892 Northern Territory
80%
1.908 South Australia
80%
1.174 Western Australia
80%
8.461 Tasmania
73%
30.68 Victoria
73%
No matching quizzes found
Score Distribution
Percent of People with Each Score
Percentile by Number Answered
Your Score History
You have not taken this quiz